000
00298nam a22001217a 4500
008
240814b |||||||| |||| 00| 0 eng d
100
_a
Krish Gupta
245
_a
Retail Marketing (Location 41/1)
250
_a
2021
260
_a
Chandigarh
_b
LG Electronics
_c
2021
300
_a
16
942
_2
ddc
_c
TH
999
_c
20820
_d
20820